Statistiques concernant Pays majoritairement recouverts de forêts

Cliquez ici pour prendre le quiz!

Statistiques générales

  • Ce quiz a été pris 126 fois
    (50 depuis la dernière actualisation)
  • Le résultat moyen est 11 sur 26

Statistiques - réponses

%HintPays% Correct
65.70AfriqueRepubliqué
du Congo
79%
70.25AmeriquesGuyana
70%
90.20AmeriquesSuriname
68%
63.60OceaniePapouasie
Nouvelle Guinée
68%
72.00EuropeFinlande
64%
68.95EuropeSuède
62%
87.15OceaniePalaos
62%
89.74OceanieMicronesie
60%
78-
80.00
OceanieSalomon
51%
89.12OceanieTuvalu
51%
85.00AfriqueGabon
51%
61.00EuropeEstonie
47%
71.60AsieLaos
43%
63.64AsieBirmanie
43%
60.00AmeriquesHonduras
43%
60.00EuropeLettonie
43%
71.98AmeriquesBelize
34%
60.00EuropeSlovenie
32%
67.00AsieJapon
30%
66.35AfriqueZimbabwe
26%
78.00AfriqueMozambique
23%
73.00AsieCorée du Nord
19%
65.00AmeriquesDominique
19%
63.20AsieCorée du Sud
19%
89.45AfriqueSeychelles
17%
60.00AsieTaïwan
15%

Distribution des résultats

Percentile par nombre de réponses

% des personnes avec chaque résultat

Votre développement - résultats

Vous n’avez pas pris ce quiz depuis la dernière actualisation